Le Mont-Saint-Michel : culture générale - Statistiques

Statistiques générales
  • Ce quiz a été pris 33 fois
  • Le résultat moyen est 10 sur 18
Statistiques - réponses
Questions Réponses % Correct
Région où se situe le Mont-Saint-Michel aujourd'hui. La Normandie
94%
Mer dont fait partie la précédente. La Manche
88%
Animal typiquement élevé dans les pâturages précédents autour du Mont-Saint-Michel. Le mouton
76%
Créature céleste qu'est saint Michel, à qui est dédié le mont. Un archange
76%
Spécialité culinaire goûteuse et baveuse à base d'oeufs, créée par la mère Poulard (1851-1931) et qui la rendit internationalement célèbre. L'auberge de la mère Poulard se trouve sur le mont, lui-même. L'omelette
70%
Voyage individuel ou collectif effectué dans un lieu saint et dans un esprit de dévotion. Le premier de ces voyages connus vers le Mont-Saint-Michel date de 867 avec un certain moine franc nommé Bernard. Un pèlerinage
67%
Établissement monastique que l'on trouve aujourd'hui sur le Mont-Saint-Michel. L’abbaye du Mont-Saint-Michel
64%
Cétacé qui peut être observer en mer autour du Mont-Saint-Michel. Ces cétacés ont développé au fil des ans une certaine affinité avec les pêcheurs locaux. Les dauphins
55%
Pâturages côtiers dont l'herbe est imprégnée de sel, notamment typique des alentours du Mont-Saint-Michel. Les prés-salés
52%
Personnage de fiction d'une série britannique des années 1960 qui déclara par la voix de son interprète Roger Moore, que la Mère Poulard proposait la meilleure recette de la spécialité précédente (réponse #14) et qu'il venait en déguster une à chacun de ses séjours en France (saison 1 épisode 3). Simon Templar
52%
Étendue d'eau salée du même nom dans laquelle baigne l'îlot du Mont-Saint-Michel. La baie du Mont-Saint-Michel
45%
Ville située à vingt-deux kilomètres au nord-est du Mont-Saint-Michel, ville bombardée par les Alliés le 7 juin 1944. Saint Aubert, évêque de cette ville au VIIIe siècle, a vu apparaître saint Michel lui ordonnant d’édifier un sanctuaire à la gloire de Dieu au sommet de l'îlot qu'est aujourd'hui le Mont-Saint-Michel. Avranches
42%
Ordre monastique qui fonda l'établissement précédent en 965. L'Ordre de saint Benoît / Les Bénédictins
39%
Aviateur américain qui s'est attablé à l'Auberge de la mère Poulard après sa traversée de l'Océan Atlantique. Charles Lindbergh
36%
Philosophe grec antique qui selon le titre de l'ouvrage de l'historien Sylvain Gouguenheim, aurait été traduit du grec au latin, par les moines du Mont-Saint-Michel dès le XIIe siècle, ce qui eut une grande influence sur la pensée européenne médiévale : "_______ au Mont-Saint-Michel, Les racines grecques de l’Europe chrétienne". Aristote
33%
Ville située à environ 36 kilomètres au nord-ouest du Mont-Saint-Michel sur l'étendue d'eau qui porte le nom de celui-ci (réponse #2) mais dans la région voisine. Elle est, depuis 1998, le point de départ du marathon du Mont-Saint-Michel. Cancale
33%
Manuscrit enluminé du Moyen-Âge (XVe siècle) qui comprend l'une des plus célèbres représentation du Mont-Saint-Michel de l'époque : "Les Très riches heures du duc de ____". Berry
30%
Connétable de France qui pendant la Guerre de Cent ans, chassa les Anglais de plusieurs provinces françaises. Il fut capitaine de Pontorson et du Mont-Saint-Michel et résida dans une belle demeure sur le mont lui-même. Un hôtel restaurant sur le mont, porte aujourd'hui son nom. Bertrand du Guesclin
27%
Aucun quiz correspondant
Distribution des résultats
% des personnes avec chaque résultat
Percentile par nombre de réponses
Votre historique - résultats
Vous n’avez pas pris ce quiz